LEADER 03301nam 2200613 450 001 996466632003316 005 20220908103645.0 010 $a3-540-38827-3 024 7 $a10.1007/BFb0075643 035 $a(CKB)1000000000437604 035 $a(SSID)ssj0000322417 035 $a(PQKBManifestationID)12131985 035 $a(PQKBTitleCode)TC0000322417 035 $a(PQKBWorkID)10289933 035 $a(PQKB)10079820 035 $a(DE-He213)978-3-540-38827-2 035 $a(MiAaPQ)EBC5595457 035 $a(Au-PeEL)EBL5595457 035 $a(OCoLC)1076233700 035 $a(MiAaPQ)EBC6842275 035 $a(Au-PeEL)EBL6842275 035 $a(OCoLC)793078958 035 $a(PPN)155171437 035 $a(EXLCZ)991000000000437604 100 $a20220908d1986 uy 0 101 0 $aeng 135 $aurnn#008mamaa 181 $ctxt 182 $cc 183 $acr 200 00$aCurvature and topology of Riemannian manifolds $eproceedings of the 17th international Taniguchi symposium held in Katata, Japan, Aug. 26-31, 1985 /$fedited by Katsuhiro Shiohama, Takashi Sakai, Toshikazu Sunada 205 $a1st ed. 1986. 210 1$aBerlin, Germany :$cSpringer,$d[1986] 210 4$d©1986 215 $a1 online resource (VI, 336 p.) 225 1 $aLecture Notes in Mathematics,$x0075-8434 ;$v1201 300 $aBibliographic Level Mode of Issuance: Monograph 311 $a3-540-16770-6 327 $aStructure of manifolds of nonpositive sectional curvature -- Combinatorial problems in spectral geometry -- A vanishing theorem for piecewise constant curvature spaces -- L-subgroups in spaces of nonpositive curvature -- On a compactification of the set of Riemannian manifolds with bounded curvatures and diameters -- Large Riemannian manifolds -- Analytic inequalities, and rough isometries between non-compact Riemannian manifolds -- Gap theorems for certain submanifolds of euclidean space and hyperbolic space form II -- A pinching problem for locally homogeneous spaces -- Remarks on the injectivity radius estimate for almost 1/4-pinched manifolds -- Non-homogeneous Kähler-Einstein metrics on compact complex manifolds -- Curvature deformations -- The first eigenvalue of the laplacian of an isoparametric minimal hypersurface in a unit sphere -- On deformation of Riemannian metrics and manifolds with positive curvature operator -- Quasiconformal mappings and manifolds of negative curvature -- Helical immersions -- On topological Blaschke conjecture III -- Critical points of Busemann functions on complete open surfaces -- L-functions in geometry and some applications -- Stability of harmonic maps and eigenvalues of laplacian -- Uniformly locally convex filtrations on complete riemannian manifolds -- Einstein metrics with positive scalar curvature. 410 0$aLecture Notes in Mathematics,$x0075-8434 ;$v1201 606 $aRiemannian manifolds 615 0$aRiemannian manifolds. 676 $a516.362 686 $a53-06$2msc 702 $aShiohama$b K.$f1940- 702 $aSunada$b T.$f1948- 702 $aSakai$b T.$f1941- 801 0$bMiAaPQ 801 1$bMiAaPQ 801 2$bMiAaPQ 906 $aBOOK 912 $a996466632003316 996 $aCurvature and topology of riemannian manifolds$9262540 997 $aUNISA